000 00528nam a22001697a 4500
005 20241002071752.0
008 241002b |||||||| |||| 00| 0 eng d
020 _a0409005975
041 _aEnglish
082 _a348 SOU
100 _lEnglish
245 _aThe South African Encyclopaedia of Forms and Precedents /
_cC Weinberg
260 _aDurban:
_bButterworth and Company (Pty) Ltd,
_c1978
300 _bxxxiii, 208 pages;
_c26 cm.
650 _aLegal practice
_bLaw
942 _cBK
_6ALISON_BN_VRIES
999 _c3189
_d3189